Loon Lake (Record no. 350811)

000 -LEADER
fixed length control field 00711cam a2200277 i 4500
001 - CONTROL NUMBER
control field 50792
003 - CONTROL NUMBER IDENTIFIER
control field OSt
005 - DATE AND TIME OF LATEST TRANSACTION
control field 20180116183026.0
008 - FIXED-LENGTH DATA ELEMENTS--GENERAL INFORMATION
fixed length control field 810722s1980 nyu 000 1 eng d
010 ## - LIBRARY OF CONGRESS CONTROL NUMBER
LC control number 79005526
020 ## - INTERNATIONAL STANDARD BOOK NUMBER
International Standard Book Number 039450691X
035 ## - SYSTEM CONTROL NUMBER
System control number (OCoLC)5830111
035 ## - SYSTEM CONTROL NUMBER
System control number (OCoLC)ocm05830111
035 ## - SYSTEM CONTROL NUMBER
System control number (CStRLIN)NYCG25677080-B
035 ## - SYSTEM CONTROL NUMBER
System control number (NNC)50792
040 ## - CATALOGING SOURCE
Original cataloging agency NNC
Transcribing agency NNC
Modifying agency NNC
082 ## - DEWEY DECIMAL CLASSIFICATION NUMBER
Classification number 813.54 DOC 1980
090 ## - LOCALLY ASSIGNED LC-TYPE CALL NUMBER (OCLC); LOCAL CALL NUMBER (RLIN)
Classification number (OCLC) (R) ; Classification number, CALL (RLIN) (NR) PS3554.O3
Local cutter number (OCLC) ; Book number/undivided call number, CALL (RLIN) L6 1980b
100 1# - MAIN ENTRY--PERSONAL NAME
Personal name Doctorow, E. L.,
Dates associated with a name 1931-2015.
245 10 - TITLE STATEMENT
Title Loon Lake
Statement of responsibility, etc. E. L. Doctorow.
250 ## - EDITION STATEMENT
Edition statement 1st trade ed.
260 ## - PUBLICATION, DISTRIBUTION, ETC.
Place of publication, distribution, etc. New York :
Name of publisher, distributor, etc. Random House,
Date of publication, distribution, etc. c1980.
300 ## - PHYSICAL DESCRIPTION
Extent 295 p. ;
Dimensions 25 cm.
Other physical details PB
942 ## - ADDED ENTRY ELEMENTS (KOHA)
Source of classification or shelving scheme
Koha item type Book
Holdings
Withdrawn status Lost status Source of classification or shelving scheme Damaged status Not for loan Collection code Permanent Location Current Location Shelving location Date acquired Total Checkouts Full call number Barcode Date last seen Price effective from Koha item type
      Damaged     Central Library (CL) Central Library (CL) General Stacks 12/14/2015   813.54 DOC 1980 NBSD-2317 12/14/2015 12/14/2015 Book
© 2023 Central Library, National University of Sciences and Technology. All Rights Reserved.